000 00571nam a2200265Ia 4500
005 20251020182542.0
008 200515s9999 xx 000 0 und d
082 _a741:621.01/E24
110 _aEdiciones Ceac
245 0 _aMateriales y Tecnología mecánica
250 _a2a ed.
260 _aBarcelona
260 _c1980
300 _a285
500 _a1 ejemplar
650 _aACERO
650 _aALUMINIO
650 _aCOBRE
650 _aHIERRO
650 _aHORNOS
650 _aLIB
650 _aPLASTICO
650 _aSOLDADURA
942 _cLIB
999 _c2423
_d2423